[Event "16th New York Masters"]
[Site "New York"]
[Date "2002.07.09"]
[Round "3"]
[White "Shahade, Gregory"]
[Black "Wojtkiewicz, Aleksander"]
[Result "0-1"]
[WhiteElo "2675"]
[BlackElo "2530"]
[Annotator "Shahade, G"]
[PlyCount "86"]
[EventDate "2002.07.09"]
[SourceDate "2002.01.21"]

1. e4 c5 2. Nf3 d6 3. d4 cxd4 4. Nxd4 Nf6 5. Nc3 a6 {
Wojtkiewicz' beloved Najdorf defense.} 6. Be3 e6 7. f3 b5 8. g4 Nfd7 9. Qd2 Nb6
10. O-O-O N8d7 {
See some of my games with Novikov for more battles in this opening.} 11. Qf2
Bb7 12. Bd3 Rc8 13. Nce2 Qc7 14. Kb1 Na4 15. Bc1 Ndc5 {This type of piece
placement is favored by none other than Garry Kasparov. Many players have
adapted this approach, such as Wojtkiewicz, Novikov and even myself. It is
very difficult for white to find a specific plan.} 16. b3 Nxd3 17. cxd3 Nc5 {
Blacks positional idea here is ....b4, a5 and Ba6. Black also has a tactical
idea which was realized in the game.} 18. Bb2 $2 {Totally overlooking blacks
reply. If the knight were not on d4, black would have the trick ...Nxd3 Rxd3
Qxc2 hence the move played..} e5 $1 {Now I was very upset with myself. I
completely ignored blacks threats and already seem to be totally lost. I
desperately searched for a way to complicate issues. Ideas of counterattacking
blacks knight with b4 do not work also.} 19. Nf5 (19. b4 exd4 20. bxc5 dxc5 $19
) 19... Nxd3 $1 20. Rxd3 Qc2+ 21. Ka1 Qxd3 22. Qa7 {This move seemed stronger
than Qb6 because in some variations my queen eyes the f7 square. I am the
luckiest player alive as these complications have no business being favorable
for me. I have a habit of sometimes being rewarded for hanging material,
although I suppose it is important not to give up after making an oversight
and to continue fighting to find ways to make things difficult for your
opponent. It's funny how many positions allow for serious resistance.} (22. Qb6
) 22... Bc6 $1 {This move contains the idea of bringing the bishop back to d7,
a much more solid place for the bishop to be, also helping to defend the king.}
(22... Qxf3 23. Neg3 {Now white has the double threat of capturing the b7
bishop and playing Rf1 with discoveries on f7. Probably black should have no
fear and simply capture on e4, but to play such a move in a tournament game,
let alone in game 30, is very difficult.} Bxe4 24. Rf1 Qd3 25. Nxg7+ Bxg7 26.
Qxf7+ Kd8 27. Qxg7 Re8 {and black may be defending...}) 23. Nc3 $5 (23. Qxa6
Bd7 {I could not see a way to continue the attack here. If black ever
untangles his pieces the game is hopeless, and I don't see an effective way to
stop ideas like ....g6 followed up by Be7 and 00.}) 23... b4 24. Rd1 Qxf3 25.
Qxa6 $1 Rc7 (25... Bd7 {This was the move I was expecting, however white has
some good counterplay here.} 26. Nxd6+ Bxd6 27. Qxd6 Qxg4 (27... Bxg4 $2 28.
Qxe5+ Be6 29. Qb5+ Kf8 30. Qxb4+ Kg8 31. Rg1 {
And white clearly has compensation for the material.}) 28. Qxe5+ Be6 (28... Kf8
29. Qd6+ Kg8 30. Ne2 $1 {Whites attack in this position is too strong. The
rook on h8 is too great a liability.} Qxe2 31. Qxd7 Rf8 32. Qd4 f6 33. Qd5+ Rf7
34. Rc1 $18) 29. Qb5+ Kf8 30. Qxb4+ Kg8 31. Qd4 {Now with ideas of Rg1,
combined with the terrible development of the black pieces, gives white a
crushing attack.}) 26. Rf1 {
I must play this move to permit my knight on c3 to move.} Qxg4 27. Nb5 Bxb5 28.
Qxb5+ Kd8 29. Qb8+ Kd7 {Now I was aware that I had perpetual check if desired
by playing Qb5-b8 and back and forth. Yet I had 6 minutes to my opponents 3
and I also felt that I should have a strong position, considering blacks
clumsy development. Hence I was not yet ready to agree to a draw.
Unfortunately it is very easy to make a calculation mistake with such little
time, and this is exactly what I did.} 30. Ne3 $2 (30. Qb5+ Kd8 31. Qb8+ Kd7
32. Qb5+ Kd8 $11) (30. Qxb4 {I feel like this is my best try, to simply play
the position down the material but up the initiative. Things dont seem so easy
for black here} Be7 31. Qb5+ Kd8 {
Once again its possible that white may have to acquiese to a draw.}) 30... Qxe4
31. Rxf7+ Be7 32. Rxe7+ Kxe7 33. Qxc7+ Ke6 {Now white is in serious trouble.
Despite having 2 pieces for the rook, black has 2 extra pawns and also whites
pieces are very clumsily placed.} 34. Qc1 $2 (34. Bc1 $1 {I believe this move
is whites best practical chance. Whites only real active piece is the queen on
c7. Why remove that queen from its active post by playing Qc1, thus leaving
all of whites pieces defending and passive. With this move at least black
still has some real problems to solve.}) (34. Qc4+ Qxc4 35. bxc4 {This endgame
should be hopeless. Blacks rook and 2 pawns are far superior to whites two
minors}) 34... Rf8 {
Now it is easy, black can bring the pieces into the game at will.} 35. a4 {
A desperate attempt to get some room for the king.} bxa3 36. Bxa3 Qd4+ 37. Kb1
Qd3+ 38. Ka2 Rb8 39. b4 Qe2+ 40. Nc2 Rc8 41. Kb2 Qd3 42. Qb1 Qc3+ $1 43. Kc1
Qxa3+ 0-1

[Event "16th New York Masters"]
[Site "New York"]
[Date "2002.07.09"]
[Round "4"]
[White "Pruess, David"]
[Black "Shahade, Gregory"]
[Result "0-1"]
[WhiteElo "2400"]
[BlackElo "2530"]
[PlyCount "54"]
[EventDate "2002.07.09"]
[SourceDate "2002.01.21"]

1. e4 c5 2. Nf3 d6 3. d4 cxd4 4. Nxd4 Nf6 5. Nc3 a6 6. Bg5 e6 7. f4 Qb6 8. Nb3
Nbd7 9. Bd3 Be7 10. Qe2 Qc7 11. O-O b5 12. Rae1 h6 13. Bh4 g5 14. fxg5 hxg5 15.
Bxg5 Bb7 16. Rf3 Ng4 17. Bxe7 Qb6+ 18. Re3 Nxe3 19. Qxe3 Qxe3+ 20. Rxe3 Kxe7
21. a4 b4 22. Na2 a5 23. Nac1 Ne5 24. Nd4 Rxh2 25. Kxh2 Ng4+ 26. Kg3 Nxe3 27.
b3 Rg8+ 0-1

[Event "18th New York Masters"]
[Site "New York"]
[Date "2002.07.23"]
[Round "4"]
[White "Benen, Samson"]
[Black "Furdzik, Rafal"]
[Result "1-0"]
[WhiteElo "2321"]
[BlackElo "2209"]
[PlyCount "47"]
[EventDate "2002.07.23"]
[SourceDate "2002.01.21"]

1. d4 Nf6 2. Nf3 e6 3. c4 d5 4. g3 dxc4 5. Bg2 Nc6 6. Qa4 Bb4+ 7. Bd2 Nd5 8.
Bxb4 Ndxb4 9. a3 b5 10. Qxb5 Nc2+ 11. Kd2 Nxa1 12. Qxc6+ Bd7 13. Qxc4 c5 14.
Qa2 Qa5+ 15. Nc3 cxd4 16. Nxd4 Rd8 17. Rxa1 e5 18. b4 Qb6 19. Nc2 Qxf2 20. Ne3
Be6+ 21. Bd5 O-O 22. Qc4 Qxh2 23. Qh4 Qg2 24. Nxg2 1-0

[Event "20th New York Masters"]
[Site "New York"]
[Date "2002.08.13"]
[Round "1"]
[White "Wojtkiewicz, Aleksander"]
[Black "Gonzales, Jayson"]
[Result "0-1"]
[WhiteElo "2683"]
[BlackElo "2381"]
[PlyCount "68"]
[EventDate "2002.08.13"]
[SourceDate "2002.01.21"]

1. Nf3 Nc6 2. d4 d5 3. g3 Bg4 4. Bg2 Qd7 5. h3 Bf5 6. c3 f6 7. b4 e6 8. Nbd2 g5
9. O-O h5 10. Re1 Qh7 11. e4 dxe4 12. Nxe4 O-O-O 13. b5 Na5 14. Qa4 b6 15. Nfd2
Kb8 16. Nb3 Nb7 17. Qa6 c6 18. bxc6 Nd6 19. c7+ Qxc7 20. Nxd6 Bxd6 21. Na5 Ne7
22. Rb1 Bxb1 23. Rxe6 bxa5 24. Ba3 Bxa3 25. Qb5+ Kc8 26. Qxb1 Rd6 27. Re1 Rb6
28. Qe4 Rd8 29. c4 Qxc4 30. Qa8+ Rb8 31. Qxa7 Rd7 32. Qxa5 Bb4 33. Qa4 Kd8 34.
a3 Qb5 0-1

[Event "20th New York Masters"]
[Site "New York"]
[Date "2002.08.13"]
[Round "3"]
[White "Stripunsky, Alexander"]
[Black "Najer, Evgeniy"]
[Result "0-1"]
[WhiteElo "2629"]
[BlackElo "2635"]
[PlyCount "91"]
[EventDate "2002.08.13"]
[SourceDate "2002.01.21"]

1. e4 c5 2. Nc3 d6 3. g3 Nc6 4. Bg2 g6 5. d3 Bg7 6. Be3 e5 7. Qd2 Nge7 8. Bh6
Bxh6 9. Qxh6 Nd4 10. Qd2 Qa5 11. Nge2 Bg4 12. Nxd4 cxd4 13. Nd5 Qxd2+ 14. Kxd2
Nxd5 15. exd5 Bd7 16. a4 a5 17. c3 dxc3+ 18. bxc3 Kd8 19. Rhe1 Kc7 20. h4 f6
21. Re4 b6 22. Bf3 Raf8 23. Ree1 g5 24. Re4 Kb7 25. Rc4 h5 26. Rh1 g4 27. Bd1
f5 28. Ke3 b5 29. axb5 Bxb5 30. Ba4 Bxc4 31. dxc4 f4+ 32. Ke4 Kc7 33. c5 fxg3
34. fxg3 Rf3 35. c4 dxc5 36. Rb1 Rxg3 37. Rb5 Ra3 38. Rxc5+ Kb6 39. Rc6+ Kb7
40. Bb5 Rg8 41. c5 g3 42. Rb6+ Kc8 43. d6 g2 44. c6 Rg4+ 45. Kd5 Rd4+ 46. Ke6
0-1

[Event "20th New York Masters"]
[Site "New York"]
[Date "2002.08.13"]
[Round "4"]
[White "Najer, Evgeniy"]
[Black "Blatny, Pavel"]
[Result "0-1"]
[WhiteElo "2635"]
[BlackElo "2564"]
[PlyCount "87"]
[EventDate "2002.08.13"]
[SourceDate "2002.01.21"]

1. d4 b6 2. e4 Bb7 3. Bd3 Nf6 4. Nd2 e6 5. Ngf3 c5 6. c3 Nc6 7. a3 d5 8. e5 Nd7
9. b4 Qc7 10. O-O cxd4 11. cxd4 a5 12. b5 Nxd4 13. Nxd4 Qc3 14. N2b3 a4 15. Qd2
Qc7 16. Nxe6 fxe6 17. Nd4 Nc5 18. Bb2 Qf7 19. f4 g6 20. f5 gxf5 21. Nxf5 exf5
22. e6 Qg8 23. Rxf5 Nxd3 24. Bxh8 Bc5+ 25. Kh1 Qxh8 26. Raf1 Nf2+ 27. R5xf2
Bxf2 28. Qxf2 Qg7 29. e7 Qg6 30. Qd4 Kd7 31. h3 Rg8 32. Rf2 Qe6 33. Rc2 Qe1+
34. Kh2 Qxe7 35. Rf2 Rg6 36. Qh8 d4 37. g3 Bd5 38. Qxd4 Qe4 39. Qxe4 Bxe4 40.
Rf7+ Ke6 41. Rxh7 Rxg3 42. Rh6+ Rg6 43. Rxg6+ Bxg6 44. Kg3 0-1

[Event "21st New York Masters"]
[Site "New York"]
[Date "2002.08.20"]
[Round "1"]
[White "Braylovsky, Gregory"]
[Black "Ibragimov, Ildar"]
[Result "0-1"]
[WhiteElo "2388"]
[BlackElo "2707"]
[PlyCount "104"]
[EventDate "2002.08.20"]
[SourceDate "2002.01.21"]

1. e4 d6 2. d4 g6 3. Nc3 c6 4. Be3 Nf6 5. f3 b5 6. Qd2 Nbd7 7. Bd3 Bb7 8. Nge2
a6 9. Ng3 h5 10. a3 Bg7 11. Rd1 Qc7 12. O-O c5 13. dxc5 Nxc5 14. Qf2 O-O 15.
Rfe1 Rac8 16. Bf1 Nfd7 17. Nge2 Ne6 18. Kh1 Ne5 19. Bb6 Qb8 20. Nd4 Nc5 21. Nb3
Ned7 22. Ba5 Nxb3 23. cxb3 Nc5 24. b4 Nd7 25. Rc1 e6 26. Red1 Rc6 27. a4 bxa4
28. b5 axb5 29. Bxb5 Nc5 30. Bxc6 Bxc6 31. Rb1 Rc8 32. Na2 Nb3 33. Bc3 d5 34.
Bxg7 Kxg7 35. exd5 Bxd5 36. Nc3 Bc6 37. Qg3 Qxg3 38. hxg3 Be8 39. Ne4 Rc2 40.
Nd6 Bc6 41. Re1 g5 42. Ne4 Bxe4 43. Rxe4 Nc5 44. Rd4 f5 45. Rb4 g4 46. fxg4
hxg4 47. Re1 Kf6 48. Rb6 Ne4 49. Kh2 Rc8 50. Re3 Rc1 51. Ra6 Rb1 52. Rxa4 Nf2
0-1

[Event "21st New York Masters"]
[Site "New York"]
[Date "2002.08.20"]
[Round "2"]
[White "Ibragimov, Ildar"]
[Black "Cela, Altin"]
[Result "1-0"]
[WhiteElo "2707"]
[BlackElo "2516"]
[PlyCount "49"]
[EventDate "2002.08.20"]
[SourceDate "2002.01.21"]

1. c4 Nf6 2. Nc3 g6 3. e4 d6 4. d4 Bg7 5. f3 O-O 6. Be3 c5 7. Nge2 Nc6 8. d5
Ne5 9. Ng3 e6 10. Be2 exd5 11. cxd5 a6 12. O-O b5 13. a3 h5 14. b4 cxb4 15.
axb4 Bd7 16. Nh1 h4 17. Nf2 Nh5 18. Qd2 Ng3 19. hxg3 hxg3 20. Nh1 Rc8 21. Rac1
Qh4 22. Nxg3 Qxg3 23. Bf2 Nc4 24. Bxc4 Qe5 25. f4 1-0

[Event "21st New York Masters"]
[Site "New York"]
[Date "2002.08.20"]
[Round "4"]
[White "Najer, Evgeniy"]
[Black "Stripunsky, Alexander"]
[Result "1/2-1/2"]
[WhiteElo "2635"]
[BlackElo "2629"]
[PlyCount "77"]
[EventDate "2002.08.20"]
[SourceDate "2002.01.21"]

1. e4 c5 2. Nc3 Nc6 3. Bb5 Nd4 4. Bc4 e6 5. Nf3 Ne7 6. Nxd4 cxd4 7. Ne2 Nc6 8.
O-O Bc5 9. d3 O-O 10. Bd2 d5 11. exd5 exd5 12. Bb3 Bg4 13. h3 Be6 14. Nf4 Qd7
15. Qf3 Ne5 16. Qh5 Ng6 17. Nxd5 Rac8 18. Rfe1 Rfd8 19. Nf4 Nxf4 20. Bxf4 Bxb3
21. axb3 a6 22. Re2 Bf8 23. Ra4 Rc6 24. Rc4 b5 25. Rxc6 Qxc6 26. Qe5 h6 27. Qc7
Qa8 28. Qb6 Qc8 29. Be5 Re8 30. Kf1 Re6 31. Qb8 Qc6 32. b4 f6 33. Bxd4 Rxe2 34.
Kxe2 Qxc2+ 35. Ke3 Qc1+ 36. Kf3 Qc6+ 37. Ke2 Qc2+ 38. Ke3 Qc1+ 39. Ke2 1/2-1/2

[Event "22nd New York Masters"]
[Site "New York"]
[Date "2002.08.27"]
[Round "1"]
[White "Najer, Evgeniy"]
[Black "Milman, Lev"]
[Result "1-0"]
[WhiteElo "2635"]
[BlackElo "2323"]
[PlyCount "93"]
[EventDate "2002.08.27"]
[SourceDate "2002.01.21"]

1. d4 d5 2. c4 e6 3. Nc3 c6 4. e3 Nf6 5. Nf3 Nbd7 6. Qc2 Be7 7. Bd3 O-O 8. O-O
b6 9. b3 Bb7 10. Bb2 c5 11. cxd5 exd5 12. Ne5 Rc8 13. Nxd7 Nxd7 14. Bxh7+ Kh8
15. Bf5 Bf6 16. Qd2 g6 17. Bg4 Kg7 18. Nb5 Ba6 19. a4 c4 20. bxc4 Rxc4 21. Be2
Bxb5 22. axb5 Rc7 23. Ba3 Be7 24. Rfc1 Nf6 25. Rxc7 Qxc7 26. Rc1 Qd7 27. Bxe7
Qxe7 28. Qc2 Rd8 29. Bf3 Rd7 30. g3 Rd8 31. Kg2 Rd6 32. h4 Rd8 33. Qc7 Rd7 34.
Qf4 Qb4 35. Rc6 Qe7 36. h5 Nxh5 37. Bxh5 gxh5 38. Qh6+ Kg8 39. Qxh5 Qe4+ 40.
Kh2 Qh7 41. Rh6 Qg7 42. Kg2 Rd8 43. Rc6 Kf8 44. Qf5 Kg8 45. Rc7 Qg6 46. Qxg6+
fxg6 47. Rxa7 1-0

[Event "22nd New York Masters"]
[Site "New York"]
[Date "2002.08.27"]
[Round "3"]
[White "Najer, Evgeniy"]
[Black "Novikov, Igor A"]
[Result "1/2-1/2"]
[WhiteElo "2635"]
[BlackElo "2724"]
[PlyCount "101"]
[EventDate "2002.08.27"]
[SourceDate "2002.01.21"]

1. d4 d5 2. c4 c6 3. Nc3 Nf6 4. Nf3 e6 5. e3 Nbd7 6. Bd3 dxc4 7. Bxc4 b5 8. Bd3
Bb7 9. e4 b4 10. Na4 c5 11. e5 Nd5 12. Ng5 cxd4 13. Nxe6 fxe6 14. Qh5+ Ke7 15.
O-O Qe8 16. Bg5+ N7f6 17. Qf3 Bc6 18. Nc5 Kf7 19. Ne4 h6 20. exf6 Nxf6 21. Bxf6
gxf6 22. Rac1 Bxe4 23. Bxe4 Rc8 24. Qd3 Qd7 25. Bg6+ Kg7 26. Qg3 Bd6 27. Qg4
Kf8 28. Rxc8+ Qxc8 29. Qxd4 Ke7 30. Re1 Qc5 31. Qg4 Be5 32. Bf5 Rd8 33. Qg7+
Kd6 34. Bh3 Qc2 35. Qxa7 Qc7 36. Qa6+ Qc6 37. Qa5 Rb8 38. Rd1+ Ke7 39. Qa7+ Qc7
40. Qe3 Bxh2+ 41. Kh1 Be5 42. f4 Rd8 43. Rxd8 Bxf4 44. Qd4 Be5 45. Qxb4+ Kxd8
46. Qf8+ Kd7 47. Qf7+ Kd8 48. Qg8+ Ke7 49. Qxe6+ Kf8 50. Qc8+ Qxc8 51. Bxc8
1/2-1/2

[Event "23rd New York Masters"]
[Site "New York"]
[Date "2002.09.03"]
[Round "1"]
[White "Gonzales, Jayson"]
[Black "Novikov, Igor A"]
[Result "0-1"]
[WhiteElo "2381"]
[BlackElo "2724"]
[PlyCount "92"]
[EventDate "2002.09.03"]
[SourceDate "2002.01.21"]

1. d4 d5 2. c4 e6 3. Nf3 Nf6 4. Nc3 c6 5. Bg5 h6 6. Bh4 dxc4 7. e4 g5 8. Bg3 b5
9. Be2 Bb7 10. h4 g4 11. Ne5 h5 12. O-O Bh6 13. Qc2 Qxd4 14. Rad1 Qb6 15. Bxc4
O-O 16. Be2 a6 17. Kh2 c5 18. f3 gxf3 19. Bxf3 Nc6 20. Rd6 Rad8 21. Nd5 Nxd5
22. exd5 Rxd6 23. dxc6 Rd2 24. Qb1 Bc8 25. Bxh5 f5 26. Qe1 Rd4 27. Bf3 Qd8 28.
Bf2 Bd2 29. Qe2 Bf4+ 30. Kg1 Rd2 31. Qe1 Qf6 32. Nd7 Bxd7 33. cxd7 Rxd7 34.
Bxc5 Rc8 35. b4 Be5 36. Rf2 Bg3 37. Qe3 Bxf2+ 38. Qxf2 Qa1+ 39. Kh2 Qe5+ 40.
Kh3 Rcd8 41. h5 Qf4 42. Be3 Qxb4 43. h6 Kh7 44. Qg3 Rg8 45. Qf2 Qb1 46. Bc6
Qh1# 0-1

[Event "23rd New York Masters"]
[Site "New York"]
[Date "2002.09.03"]
[Round "2"]
[White "Vovsha, Eli"]
[Black "Yudasin, Leonid"]
[Result "0-1"]
[WhiteElo "2484"]
[BlackElo "2696"]
[PlyCount "92"]
[EventDate "2002.09.03"]
[SourceDate "2002.01.21"]

1. e4 c6 2. d4 d5 3. e5 Bf5 4. Nc3 e6 5. g4 Bg6 6. Nge2 h6 7. Be3 Ne7 8. f4 Nd7
9. Bg2 Qb6 10. Na4 Qa5+ 11. Nac3 h5 12. h3 hxg4 13. hxg4 Rxh1+ 14. Bxh1 O-O-O
15. Qd2 Kb8 16. a3 Nc8 17. Nd1 Qa4 18. b3 Qa6 19. Bg2 Be7 20. Ng3 f6 21. Nc3
Qa5 22. Nce2 Qa6 23. Kf2 fxe5 24. fxe5 c5 25. c3 cxd4 26. cxd4 Bh4 27. Nf4 Rf8
28. Bf1 Qb6 29. b4 Be4 30. g5 Bxg5 31. Nxe4 Bxf4 32. Nc5 Nxc5 33. bxc5 Bxe3+
34. Kxe3 Qb3+ 35. Bd3 Ne7 36. Ke2 Nc6 37. Rb1 Qxa3 38. Ke3 Na5 39. Ke2 Nc4 40.
Qc1 Qa2+ 41. Qc2 Qxc2+ 42. Bxc2 Rf4 43. Rd1 Kc7 44. Bb3 Re4+ 45. Kf2 Ne3 46.
Rd3 Nf5 0-1

[Event "23rd New York Masters"]
[Site "New York"]
[Date "2002.09.03"]
[Round "3"]
[White "Yudasin, Leonid"]
[Black "Braylovsky, Gregory"]
[Result "1-0"]
[WhiteElo "2696"]
[BlackElo "2388"]
[PlyCount "69"]
[EventDate "2002.09.03"]
[SourceDate "2002.01.21"]

1. e4 c5 2. Nf3 Nc6 3. Bb5 d6 4. O-O Bd7 5. c3 a6 6. Ba4 g6 7. d4 cxd4 8. cxd4
Bg7 9. Nc3 Nf6 10. h3 O-O 11. e5 Ne8 12. Bf4 dxe5 13. dxe5 Nc7 14. Bg3 Ne6 15.
Re1 Nc5 16. Bc2 Nb4 17. Bb1 Be6 18. Qe2 b5 19. Qe3 Rc8 20. Rd1 Qc7 21. Nd4 Rfd8
22. Kh2 Nc6 23. Nxe6 Nxe6 24. Nd5 Qa5 25. Be4 Bf8 26. a3 Rd7 27. Nf6+ exf6 28.
Rxd7 Nc5 29. Bxc6 Qb6 30. Rxf7 Kxf7 31. Bd5+ Kg7 32. exf6+ Qxf6 33. Rc1 Bd6 34.
b4 Bxg3+ 35. fxg3 1-0

[Event "23rd New York Masters"]
[Site "New York"]
[Date "2002.09.03"]
[Round "4"]
[White "Ippolito, Dean"]
[Black "Stripunsky, Alexander"]
[Result "0-1"]
[WhiteElo "2460"]
[BlackElo "2629"]
[PlyCount "58"]
[EventDate "2002.09.03"]
[SourceDate "2002.01.21"]

1. d4 b5 2. e4 Bb7 3. Nd2 a6 4. Ngf3 e6 5. c4 bxc4 6. Bxc4 Nf6 7. e5 Nd5 8. O-O
Be7 9. Bd3 f5 10. exf6 Nxf6 11. Qc2 Bd5 12. Ng5 Bd6 13. Bg6+ Kf8 14. Nf7 hxg6
15. Nxh8 g5 16. Qg6 Kg8 17. Nf7 Qe8 18. Ne5 Qxg6 19. Nxg6 Nc6 20. Nb3 Kh7 21.
Ne5 Nxd4 22. Nf7 Ne2+ 23. Kh1 Kg6 24. Nxd6 cxd6 25. Be3 Ng4 26. Nd4 Rh8 27.
Nxe2 Rxh2+ 28. Kg1 Rxg2+ 29. Kh1 Rh2+ 0-1

[Event "24th New York Masters"]
[Site "New York"]
[Date "2002.09.10"]
[Round "1"]
[White "Shabalov, Alexander"]
[Black "Milman, Lev"]
[Result "1-0"]
[WhiteElo "2698"]
[BlackElo "2323"]
[PlyCount "61"]
[EventDate "2002.09.10"]
[SourceDate "2002.01.21"]

1. d4 d5 2. c4 e6 3. Nf3 c6 4. Nc3 dxc4 5. Bg5 Be7 6. Bxe7 Nxe7 7. a4 c5 8.
dxc5 O-O 9. e4 Qa5 10. Bxc4 Qxc5 11. Qe2 Nbc6 12. O-O Ng6 13. Bb5 Bd7 14. Rfd1
Rfd8 15. Rac1 Qh5 16. Qe3 Nh4 17. Ne1 Ne5 18. Be2 Qg6 19. f4 Nc6 20. g3 e5 21.
Nd5 Re8 22. f5 Bxf5 23. exf5 Nxf5 24. Qf2 Rac8 25. Bb5 Nfd4 26. Nf3 Qe4 27.
Nxd4 Nxd4 28. Rxc8 Rxc8 29. Ne7+ Kf8 30. Nxc8 Nf3+ 31. Qxf3 1-0

[Event "24th New York Masters"]
[Site "New York"]
[Date "2002.09.10"]
[Round "2"]
[White "Novikov, Igor A"]
[Black "Lapshun, Yury"]
[Result "0-1"]
[WhiteElo "2724"]
[BlackElo "2438"]
[PlyCount "90"]
[EventDate "2002.09.10"]
[SourceDate "2002.01.21"]

1. d4 d5 2. c4 c6 3. Nf3 Nf6 4. Qc2 g6 5. Bf4 Na6 6. e3 Bf5 7. Qb3 Nb4 8. Qxb4
e5 9. Qxb7 exf4 10. Ne5 Bd7 11. Nxc6 Qc8 12. Qxc8+ Rxc8 13. Ne5 fxe3 14. Nc3
dxc4 15. fxe3 Bh6 16. Nxc4 O-O 17. Kd2 Be6 18. Ne5 Rfd8 19. Ba6 Rxd4+ 20. Ke2
Rxc3 21. bxc3 Re4 22. Nd3 Rxe3+ 23. Kf1 Bf5 24. Rd1 Kg7 25. Rg1 Bg5 26. h3 h5
27. Nf2 h4 28. Bd3 Nh5 29. g4 hxg3 30. Bxf5 gxf5 31. Rd3 Kf6 32. h4 Bf4 33.
Rxe3 Bxe3 34. Nd3 f4 35. Ne1 Bxg1 36. Kxg1 Kf5 37. c4 Ke4 38. Kg2 Kd4 39. Kf3
f5 40. Nd3 Kxd3 41. c5 g2 42. Kxg2 Ke2 43. c6 f3+ 44. Kh2 f2 45. c7 f1=Q 0-1

[Event "24th New York Masters"]
[Site "New York"]
[Date "2002.09.10"]
[Round "3"]
[White "Shabalov, Alexander"]
[Black "Stripunsky, Alexander"]
[Result "0-1"]
[WhiteElo "2698"]
[BlackElo "2629"]
[PlyCount "79"]
[EventDate "2002.09.10"]
[SourceDate "2002.01.21"]

1. d4 d5 2. c4 c6 3. Nc3 Nf6 4. e3 e6 5. Nf3 Nbd7 6. Bd3 dxc4 7. Bxc4 b5 8. Bd3
Bd6 9. O-O O-O 10. e4 e5 11. Bg5 Re8 12. d5 cxd5 13. Nxd5 Rb8 14. Nh4 h6 15.
Nf5 Bf8 16. Bh4 g5 17. Bg3 Nc5 18. Nfe3 Nfxe4 19. Bc2 b4 20. Qh5 Nf6 21. Qf3
Nxd5 22. Nxd5 Bg7 23. Rad1 Bb7 24. Rfe1 Rc8 25. Bf5 e4 26. Qe3 Ne6 27. Bxe6
Rxe6 28. Nc7 Qe7 29. Nxe6 Qxe6 30. Qxa7 Qc6 31. Rd6 Qc1 32. f3 e3 33. Qxb7 Be5
34. Rd8+ Rxd8 35. Rxc1 e2 36. Be1 Rd1 37. Qc8+ Kg7 38. Qc2 Rd6 39. Qxe2 Re6 40.
Qd3 {And in a time scramble, White lost on time.} 0-1

[Event "25th New York Masters"]
[Site "New York"]
[Date "2002.09.17"]
[Round "1"]
[White "Milman, Lev"]
[Black "Novikov, Igor A"]
[Result "1/2-1/2"]
[WhiteElo "2323"]
[BlackElo "2724"]
[PlyCount "71"]
[EventDate "2002.09.17"]
[SourceDate "2002.01.21"]

1. e4 c5 2. c3 d5 3. exd5 Qxd5 4. d4 Nf6 5. Nf3 e6 6. Be3 cxd4 7. cxd4 Nc6 8.
Nc3 Qd6 9. a3 Be7 10. Bc4 O-O 11. O-O b6 12. d5 Na5 13. Ba2 exd5 14. Nxd5 Nxd5
15. Qxd5 Qxd5 16. Bxd5 Bb7 17. Bxb7 Nxb7 18. Rfd1 Rfd8 19. Rac1 Nc5 20. Kf1 Kf8
21. Ne5 Ne6 22. Rxd8+ Bxd8 23. Ke2 Ke8 24. b4 Bf6 25. Nd3 Rd8 26. Rc2 Ke7 27.
f3 h5 28. Nf4 Nxf4+ 29. Bxf4 b5 30. Rc5 a6 31. Rc6 Ra8 32. Kd3 Kd7 33. Rd6+ Ke7
34. Rc6 Bb2 35. Kc2 Bf6 36. Kd3 1/2-1/2

[Event "25th New York Masters"]
[Site "New York"]
[Date "2002.09.17"]
[Round "2"]
[White "Stein, Alan"]
[Black "Yudasin, Leonid"]
[Result "0-1"]
[WhiteElo "2408"]
[BlackElo "2699"]
[PlyCount "76"]
[EventDate "2002.09.17"]
[SourceDate "2002.01.21"]

1. e4 c5 2. Nf3 d6 3. g3 Nf6 4. d3 b6 5. Bg2 Bb7 6. O-O e6 7. Re1 Nbd7 8. Nbd2
Be7 9. Nf1 O-O 10. h4 Rc8 11. N3h2 Qc7 12. g4 e5 13. g5 Ne8 14. Qg4 g6 15. h5
Ng7 16. hxg6 fxg6 17. Bh3 Rcd8 18. Ne3 b5 19. Rf1 c4 20. dxc4 bxc4 21. Qg2 Nc5
22. Nd5 Bxd5 23. exd5 Nh5 24. b4 cxb3 25. axb3 Nf4 26. Bxf4 Rxf4 27. Nf3 Rdf8
28. Nd2 a5 29. Nc4 a4 30. Nd2 Qa5 31. Nc4 Qc3 32. Nb6 axb3 33. cxb3 Rxf2 34.
Rxf2 Qxa1+ 35. Kh2 Rxf2 36. Qxf2 Bxg5 37. b4 Bf4+ 38. Kg2 Nd3 0-1

[Event "25th New York Masters"]
[Site "New York"]
[Date "2002.09.17"]
[Round "3"]
[White "Yudasin, Leonid"]
[Black "Stripunsky, Alexander"]
[Result "0-1"]
[WhiteElo "2699"]
[BlackElo "2629"]
[PlyCount "84"]
[EventDate "2002.09.17"]
[SourceDate "2002.01.21"]

1. e4 c5 2. Nf3 e6 3. g3 d5 4. exd5 exd5 5. d4 Nf6 6. Bg2 Be7 7. O-O O-O 8.
dxc5 Bxc5 9. Nbd2 Nc6 10. Nb3 Bb6 11. c3 Ne4 12. Nfd4 Re8 13. Be3 Ne5 14. Qc2
Qf6 15. Rae1 Bd7 16. f3 Nd6 17. Kh1 Nec4 18. Bc1 Nf5 19. Nxf5 Bxf5 20. Qd1 Ne3
21. Bxe3 Bxe3 22. Re2 Bb6 23. Rfe1 Rxe2 24. Rxe2 h5 25. Nd4 Bxd4 26. cxd4 Rc8
27. h4 Rc4 28. Rd2 Qc6 29. Qe2 Rc1+ 30. Kh2 Ra1 31. Qe5 Be6 32. Rf2 Rxa2 33. f4
g6 34. f5 gxf5 35. Qe3 Qb6 36. Rc2 Ra4 37. Qg5+ Kf8 38. Qxh5 Qxd4 39. Rc7 Qe5
40. Rxb7 Rg4 41. Rb3 Kg7 42. Bf3 Qxg3+ 0-1